| 000 | 00714nam a2200205Ia 4500 | ||
|---|---|---|---|
| 999 |
_c55914 _d55914 |
||
| 003 | GCL | ||
| 005 | 20240530105425.0 | ||
| 008 | 140319s9999 xx 000 0 ara d | ||
| 040 |
_aGCL / _cGCL |
||
| 082 | 0 | 4 |
_a216.4 _bر أ |
| 100 | 1 | _aرجب البنا | |
| 245 | 1 | 0 |
_aالامية الدينية والحرب ضد الاسلام / _cرجب البنا |
| 260 |
_a[S.N] : _bالهيئة المصرية العامة للكتاب ، _c1997 |
||
| 300 | _a223 ص | ||
| 490 |
_aالهيئة العامة للاستعلامات _v0 |
||
| 650 | 0 | 4 | _aالاسلام والعلاقات الخارجية |
| 650 | 0 | 4 | _aالاسلام - دفع مطاعن |
| 650 | 0 | 4 | _aالاسلام والسياسة |
| 942 |
_2ddc _cBK |
||